| 000 | 00871nam a2200253Ia 4500 | ||
|---|---|---|---|
| 999 |
_c5622 _d5622 |
||
| 003 | OSt | ||
| 005 | 20200331160635.0 | ||
| 008 | 191128s1991 ck gr 000 0 spa d | ||
| 040 |
_aCO-JMCR _cCO-JMCR |
||
| 041 | 0 | _aspa | |
| 082 | 0 | 4 |
_a320.986 / _bA473c _221 |
| 100 | 1 |
_aAlvarez, Luis Alberto, _eautor _92301 |
|
| 245 | 1 | 0 |
_aColombia hoy : _bperspectivas hacia el siglo XXI / _cLuis Alberto Alvarez, Mario Arrubla, Jesus Antonio Bejarano [y otros 10] |
| 250 | _aDecimocuarta edición | ||
| 260 |
_aBogotá : _bSiglo XXI, _c1991 |
||
| 300 |
_a559 páginas ; _c21 cm. |
||
| 490 | 0 | _aHistoria inmediata | |
| 505 | 0 | _aColombia hoy -- Perspectivas hacia el siglo XXI | |
| 650 | 1 | 4 |
_aCondiciones sociales _92302 |
| 650 | 1 | 4 |
_aHistoria económica _92303 |
| 700 | 1 |
_aArrubla, Mario, _eautor _92304 |
|
| 700 | 1 |
_aBejarano, Jesus Antonio, _eautor _92305 |
|
| 942 |
_2ddc _cBK |
||